| 000 | 00560nam a22001817a 4500 | ||
|---|---|---|---|
| 003 | OSt | ||
| 005 | 20140527143339.0 | ||
| 008 | 130701t xxu||||| |||| 00| 0 eng d | ||
| 050 |
_aDS 668 _b.Ag275 2006 |
||
| 082 |
_aFIL 959.9 _bAg7 2006 |
||
| 100 | _aAgoncillo, Teodoro | ||
| 245 |
_aHistory of the Filipino people / _cTeodoro Agoncillo |
||
| 260 |
_aQuezon City, Philippines : _bGarotech Publishing., _cc2006. |
||
| 300 |
_axii, 613 _c23 cm. |
||
| 500 | _a Philippine--history, local. 2. History of the Filipino People | ||
| 562 | _e1 | ||
| 942 |
_2lcc _cBK |
||
| 999 |
_c3464 _d3464 |
||